| 000 | 00807nas a2200253 4500 | ||
|---|---|---|---|
| 001 | BR7800446 | ||
| 003 | BR-BrBNA | ||
| 005 | 20231205083305.0 | ||
| 007 | ta | ||
| 008 | 230509b bl.|||p| |||| 00| 00por d | ||
| 040 |
_aBR-BrBNA _bpor _cBiblioteca Nacional de Agricultura |
||
| 041 | _a(Pt) | ||
| 072 | _aM40 | ||
| 100 | 1 | _aMoraes, B.M. de | |
| 245 | 1 | _aOcorrencia Doctylocalyx pumiceus Stutchbury, 1841, no litoral do Rio Grande do Sul. (Porifera-Heraxtinellida)[esponja, Brasil] | |
| 650 | _aBIOLOGIA AQUATICA | ||
| 650 | _aESPONJA | ||
| 650 | _aANIMAL AQUATICO | ||
| 650 | _aLITORAL | ||
| 650 | _aRIO GRANDE DO SUL | ||
| 773 | 0 |
_tIheringia. Serie Zoologia (Brazil) _xISSN 0073-4721 _g(Jan 1977), (no. 50) p. 41-49 _wBR7800446 |
|
| 909 |
_a202311 _bLúcia _c55 _dLúcia Elande |
||
| 942 |
_2AGRIS _n0 _cANA |
||
| 999 |
_c97759 _d97759 |
||